000 00460nam a2200193Ia 4500
008 240510s9999 xx 000 0 und d
020 _a0000081763556
041 _aEng
082 _a005.117
082 _bF61
100 _aFranklin,K:
245 0 _aVB.NET FOR DEVELOPERS
260 _bNew Delhi : Techmedia
260 _c2002
300 _a288 p.
650 _aVISUAL BASIC.NET : .NET : OBJECT ORIENTED PROGRAMMING
942 _2ddc
942 _cRBK
999 _c27340
_d27340
945 _a1
_bMadushi Gamage
_c1
_dMadushi Gamage